000 00564nam a2200205Ia 4500
001 44790
003 PK-LaUMT
005 20260630124702.0
008 140428s9999 xx 000 0 und d
020 _aNA
040 _cPK-LaUMT
082 _aRHC 891.551
_bASA-Q
100 1 _aGhalib, Mirza Asadullah Khan
_913264
245 _aQasaaid o masnaviyaat-e-faarsi (Persian)
_cAsad Ullah Khan Ghalib
260 _aLahore,Pakistan:
_bPunjab University Press,
_c1969
300 _avar p.
546 _aPersian
650 _aFarsi literature
_913272
942 _cBK
_2ddc
999 _c42769
_d42769